000
00273nam a2200109Ia 4500
001
588927
005
20250717120839.0
008
250717s9999 xx 000 0 und d
245
0
_a
Y-8 DÜŞ DENİZİNİN SIRRI
_c
AYDA ÇAYIR
260
_b
ERDEM YAYINLARI
_c
2017
300
_b
71
999
_c
588927
_d
588927